Chelsea Top Goalscorers of all time - Statistics

General Stats
  • This quiz has been taken 112 times
  • The average score is 14 of 50
Answer Stats
Name of Player APP Goals % Correct
Didier Drogba 381 164
98%
Frank Lampard 648 211
97%
Eden Hazard 352 110
87%
John Terry 717 67
82%
Diego Costa 120 59
68%
Gianfranco Zola 312 80
68%
Willian 339 63
63%
Fernando Torres 172 45
59%
Nicolas Anelka 184 59
56%
Kai Havertz 139 32
50%
Pedro 206 43
50%
Jimmy Floyd
Hasselbaink
177 87
47%
Joe Cole 281 39
46%
Mason Mount 195 33
46%
Tammy Abraham 82 30
39%
Oscar 203 38
38%
Florent Malouda 229 45
37%
Olivier Giroud 119 39
34%
Juan Mata 135 33
32%
Ramires 251 34
32%
Salomon Kalou 254 60
30%
Eidur Gudjohnsen 263 78
26%
Jimmy Greaves 93 101
23%
Dennis Wise 425 69
22%
Gianluca Vialli 87 40
21%
Tore Andre Flo 163 50
21%
Branislav Ivanovic 377 34
17%
Bobby Tambling 319 175
16%
Gustavo Poyet 144 49
16%
Mark Hughes 122 38
16%
John Spencer 126 40
12%
Peter Osgood 353 139
12%
John Hollins 517 60
11%
Kerry Dixon 285 112
11%
Kevin Wilson 116 30
10%
David Webb 275 31
8%
Roy bentley 158 60
8%
Tommy Baldwin 219 86
7%
David Speedie 112 34
6%
Ian Hutchinson 114 48
6%
Tommy langley 132 39
6%
Gordon Durie 97 35
4%
Peter Houseman 307 32
4%
Terry Venables 206 30
4%
George Graham 93 40
3%
Barry Bridges 179 84
1%
Peter Brabrook 169 38
1%
Ron Tindall 94 47
1%
Bert Murray 154 42
0%
Frank Blunstone 176 31
0%
No matching quizzes found
Score Distribution
Percent of People with Each Score
Percentile by Number Answered
Your Score History
You have not taken this quiz